[Event "Napoli Vomero Winter 5th"]
[Site "Napoli"]
[Date "2010.01.28"]
[Round "3"]
[White "Donzella, Emanuele"]
[Black "Puglisi, Vincenzo"]
[Result "1/2-1/2"]
[WhiteElo "1646"]
[BlackElo "2024"]
[PlyCount "152"]
[EventDate "2010.01.14"]
[EventType "swiss"]
[EventRounds "7"]
[EventCountry "ITA"]
[SourceTitle "EXT 2024"]
[Source "ChessBase"]
[SourceDate "2023.10.10"]
[SourceVersion "1"]
[SourceVersionDate "2023.10.10"]
[SourceQuality "1"]

1. e4 c5 2. c3 Nf6 3. e5 Nd5 4. d4 Nc6 5. Nf3 cxd4 6. cxd4 d6 7. Be2 dxe5 8. dxe5 Bf5 9. a3 e6 10. 0-0 Be7 11. b4 Bxb1 12. Rxb1 Nc3 13. Qxd8+ Rxd8 14. Rb2 b5 15. Re1 a5 16. bxa5 Bxa3 17. Bxb5 Nxb5 18. Rxb5 Bb4 19. Rf1 Bxa5 20. Rc5 Kd7 21. Bg5 Rc8 22. Rd1+ Kc7 23. Rd6 Kb7 24. Rd7+ Rc7 25. Rd1 Bb4 26. Rb1 Ra8 27. g3 Kc8 28. Rxc6 Rxc6 29. Rxb4 Rc5 30. Be7 Rc1+ 31. Kg2 Ra2 32. Nd4 Rd1 33. Nb5 Rdd2 34. Bc5 Kd7 35. Be3 Re2 36. Kf3 Reb2 37. Rd4+ Kc6 38. Nd6 f6 39. Rc4+ Kd7 40. Ne4 fxe5 41. Rc5 Rc2 42. Rxe5 Rc6 43. Rb5 Rac2 44. Nc5+ Ke7 45. Rb7+ Kd6 46. Rd7+ Ke5 47. Rxg7 Kf6 48. Rxh7 R6xc5 49. Bxc5 Rxc5 50. Rh4 e5 51. Re4 Kf5 52. h3 Rc3+ 53. Re3 e4+ 54. Kg2 Rc2 55. Rb3 Kg6 56. g4 Rc1 57. Kg3 Rc4 58. Rb6+ Kg7 59. Kf4 Rc3 60. h4 Rf3+ 61. Kxe4 Rxf2 62. Rb7+ Kg6 63. Rb5 Re2+ 64. Kf3 Re1 65. Rf5 Rf1+ 66. Ke4 Re1+ 67. Kd3 Re8 68. Rd5 Re1 69. Kd4 Rg1 70. Rg5+ Kh6 71. Ke5 Rh1 72. Kf6 Rxh4 73. Rg6+ Kh7 74. Rg7+ Kh8 75. g5 Rf4+ 76. Kg6 Rf6+ 1/2-1/2

[Event "Costa Viola op 3rd"]
[Site "St Eufemia d'Aspromonte"]
[Date "2010.01.05"]
[Round "7"]
[White "Zampaglione, Davide"]
[Black "Donzella, Emanuele"]
[Result "1-0"]
[WhiteElo "1644"]
[BlackElo "1646"]
[PlyCount "99"]
[EventDate "2010.01.02"]
[EventType "swiss"]
[EventRounds "7"]
[EventCountry "ITA"]
[SourceTitle "EXT 2011"]
[Source "ChessBase"]
[SourceDate "2010.11.26"]
[SourceVersion "1"]
[SourceVersionDate "2010.11.26"]
[SourceQuality "1"]

1. d4 f5 2. Nf3 e6 3. e3 Nf6 4. Bd3 c5 5. Nbd2 cxd4 6. exd4 Nc6 7. c3 d5 8. Qe2 Be7 9. Bb5 0-0 10. 0-0 Bd6 11. Ne5 Ng4 12. f4 Ncxe5 13. fxe5 Be7 14. Nf3 Bd7 15. Bxd7 Qxd7 16. h3 Nh6 17. Bxh6 gxh6 18. Nh2 Qe8 19. Rf3 Kh8 20. Kh1 Rg8 21. Rg1 Qh5 22. Rf2 Qxe2 23. Rxe2 Rg3 24. Rf2 Rc8 25. Rf3 Rgg8 26. g4 Rcf8 27. gxf5 Rxg1+ 28. Kxg1 Rxf5 29. Rxf5 exf5 30. Nf3 Bg5 31. Nxg5 hxg5 32. a4 Kg7 33. b3 Kf7 34. c4 dxc4 35. bxc4 Ke6 36. Kg2 h6 37. c5 a5 38. Kg3 h5 39. Kf3 Kd5 40. Kg3 f4+ 41. Kf3 h4 42. Kf2 Ke6 43. Ke2 Kd5 44. Kf3 Ke6 45. Ke4 g4 46. d5+ Ke7 47. hxg4 h3 48. Kf3 h2 49. Kg2 f3+ 50. Kxh2 1-0

[Event "Costa Viola op 3rd"]
[Site "St Eufemia d'Aspromonte"]
[Date "2010.01.03"]
[Round "2"]
[White "Donzella, Emanuele"]
[Black "Palermiti, Francesco"]
[Result "1-0"]
[WhiteElo "1646"]
[BlackElo "1470"]
[PlyCount "79"]
[EventDate "2010.01.02"]
[EventType "swiss"]
[EventRounds "7"]
[EventCountry "ITA"]
[SourceTitle "EXT 2011"]
[Source "ChessBase"]
[SourceDate "2010.11.26"]
[SourceVersion "1"]
[SourceVersionDate "2010.11.26"]
[SourceQuality "1"]

1. d4 d5 2. Bf4 c6 3. Nf3 Nf6 4. e3 Nbd7 5. Be2 e6 6. Nbd2 Be7 7. 0-0 a6 8. c4 0-0 9. Re1 Nh5 10. Be5 f6 11. Bf4 Nxf4 12. exf4 dxc4 13. Bxc4 Nb6 14. Bxe6+ Bxe6 15. Rxe6 Nd5 16. Qb3 Qc7 17. Rae1 Rab8 18. Rxe7 Qxf4 19. Nf1 Kh8 20. R7e4 Qc7 21. Ng3 f5 22. Re5 f4 23. Ne4 h6 24. Nc3 Rbd8 25. Nxd5 Rxd5 26. Rxd5 cxd5 27. Qxd5 b5 28. Qc5 Qxc5 29. dxc5 Rc8 30. b4 a5 31. a3 a4 32. Ne5 g5 33. g3 Kg7 34. gxf4 gxf4 35. Kg2 Kf6 36. Ng4+ Kg5 37. Kf3 h5 38. Ne5 Kf5 39. Nd3 Rf8 40. Nxf4 1-0